| 000 | 00590nam a22002177i 4500 | ||
|---|---|---|---|
| 001 | 297 | ||
| 003 | OSt | ||
| 005 | 20170126082241.0 | ||
| 007 | tu | ||
| 008 | 161220s1988 xxu||||| |||| 00| 0 d | ||
| 024 | 7 |
_a296 _2RID |
|
| 040 | _cOSt | ||
| 084 |
_a3.223 _a3.221 _2z |
||
| 100 | 1 | _aChabibi, R.I. | |
| 242 | 0 | 0 | _aDer Verteilungsmechanismus der gesellschaftlichen Verbrauchs |
| 245 | 0 | 0 | _aMechanismus rozdelovani spolecenskych fondu spotreby |
| 260 |
_aPraha : _bEU-CSAV, _c1988. |
||
| 300 |
_a113 S. ; _c21cm. |
||
| 490 |
_aEkonomicke vedy v socialistickych zemich _v4 |
||
| 651 | _aEastern Europe | ||
| 942 | _cB | ||
| 999 |
_c293 _d293 |
||